| 000 | 00412 a2200133 4500 | ||
|---|---|---|---|
| 001 | 87737 | ||
| 082 | _aPR 114 | ||
| 090 |
_c41196 _d41196 |
||
| 100 | _aImran Aziz, Plt Off 14979 | ||
| 245 | _aImplementation of the rohde and Schwarz's C-protocol for PAF tactical data link | ||
| 260 |
_aRisalpur _bCAE, PAF Academy Risalpur _c2010 |
||
| 300 |
_aix, 79p. _eAsad Amir Pirzada, Wg Cdr |
||
| 500 | _aBE Project Reports | ||
| 942 |
_aCAE NUST _kPR 114 |
||
| 999 |
_c322810 _d322810 |
||